JRE-IKST-101の採用駅 - Statistics

General Stats
  • This quiz has been taken 65 times
    59 since last reset
  • The average score is 4 of 10
Answer Stats
Answer % Correct
大宮
100%
小山
67%
宇都宮
67%
くりこま高原
50%
那須塩原
33%
北上
33%
二戸
33%
新白河
17%
いわて沼宮内
17%
七戸十和田
17%
No matching quizzes found
Score Distribution
Percent of People with Each Score
Percentile by Number Answered
Your Score History
You have not taken this quiz since the last reset